| 000 | 00781nam a22002537a 4500 | ||
|---|---|---|---|
| 003 | DO-SdBNP | ||
| 005 | 20180220151944.0 | ||
| 008 | 151029b 1992 sp a ||||| |||| 00| 0 spa d | ||
| 020 | _a8434822067 | ||
| 040 |
_aBPMSU _bspa _cBPMSU |
||
| 100 | _aBordons, Paloma | ||
| 245 |
_aChis y garabís / _cPaloma Bordons ; ilustraciones Ana López Escrivá |
||
| 250 | _a7a. ed. | ||
| 260 |
_aMadrid : _bSM, _c1992. |
||
| 300 |
_a117 p. : _bil. _g20 cm |
||
| 490 | 0 |
_aEl barco de vapor _aSerie Naranja _v45 |
|
| 521 | _aA partir de 9 años. | ||
| 586 | _aFinalista del premio El barco de vapor, 1986 | ||
| 700 | 1 |
_aLópez Escrivá, Ana _eil. |
|
| 830 | 0 |
_aEl barco de vapor _pSerie Naranja _v45 |
|
| 942 |
_2ddc _cBK |
||
| 945 | _aInventariado, 2018/ YL | ||
| 956 | _adaysi garcia | ||
| 999 |
_c8491 _d8491 |
||